Disproporcie a proporcie školstva
Ťažko napraviteľné dôsledky neprimeraných výdavkov na školstvo v SR. Nedostatočné výdavky na údržbu a obnovu základných prostriedkov, technické vybavenie škôl a platy učiteľov. Nerovnomerné výdavkové rozpočtovanie. Podiely jednotlivých druhov škôl z celkových výdavkov na školstvo.
Saved in:
| Main Author: | |
|---|---|
| Format: | Book Chapter |
| Language: | Slovak |
| Subjects: | |
| Tags: |
No Tags, Be the first to tag this record!
|
MARC
| LEADER | 00000naa a2200000 4500 | ||
|---|---|---|---|
| 001 | r019727 | ||
| 005 | 20230801103545.7 | ||
| 041 | 0 | |a slo | |
| 044 | |a SK | ||
| 245 | 1 | 0 | |a Disproporcie a proporcie školstva |c M. Majtán |
| 520 | |a Ťažko napraviteľné dôsledky neprimeraných výdavkov na školstvo v SR. Nedostatočné výdavky na údržbu a obnovu základných prostriedkov, technické vybavenie škôl a platy učiteľov. Nerovnomerné výdavkové rozpočtovanie. Podiely jednotlivých druhov škôl z celkových výdavkov na školstvo. | ||
| 610 | 2 | 0 | |a Slovensko |
| 610 | 2 | 0 | |a 1989-1994 |
| 610 | 2 | 0 | |a školstvo |
| 610 | 2 | 0 | |a výdavky rozpočtu štátneho |
| 100 | 1 | |a Majtán, M. | |